<?xml version="1.0" encoding="UTF-8"?>
<record
    xmlns:xsi="http://www.w3.org/2001/XMLSchema-instance"
    xsi:schemaLocation="http://www.loc.gov/MARC21/slim http://www.loc.gov/standards/marcxml/schema/MARC21slim.xsd"
    xmlns="http://www.loc.gov/MARC21/slim">

  <leader>01319nam a22002537a 4500</leader>
  <controlfield tag="008">171007s2005        sp||||| |||| 00| 0 spa d</controlfield>
  <datafield tag="020" ind1=" " ind2=" ">
    <subfield code="a">8881585510</subfield>
  </datafield>
  <datafield tag="082" ind1="0" ind2="4">
    <subfield code="a">770.92</subfield>
    <subfield code="b">N459u</subfield>
  </datafield>
  <datafield tag="100" ind1="1" ind2=" ">
    <subfield code="a">Zaya, Octavio.</subfield>
    <subfield code="9">6021</subfield>
  </datafield>
  <datafield tag="245" ind1=" " ind2=" ">
    <subfield code="a">Shirin Neshat :</subfield>
    <subfield code="b">la &#xFA;ltima palabra /</subfield>
    <subfield code="c">curadur&#xED;a por Octavio Zaya ; Museo de Arte Contempor&#xE1;neo de Castilla y Le&#xF3;n (MUSAC).</subfield>
  </datafield>
  <datafield tag="250" ind1=" " ind2=" ">
    <subfield code="a">1a edici&#xF3;n.</subfield>
  </datafield>
  <datafield tag="260" ind1=" " ind2=" ">
    <subfield code="a">Espa&#xF1;a :</subfield>
    <subfield code="b">MUSAC ; Edizioni Charta,</subfield>
    <subfield code="c">2005.</subfield>
  </datafield>
  <datafield tag="300" ind1=" " ind2=" ">
    <subfield code="a">251 p&#xE1;ginas :</subfield>
    <subfield code="b">ilustraciones en color.</subfield>
  </datafield>
  <datafield tag="500" ind1=" " ind2=" ">
    <subfield code="a">Cat&#xE1;logo publicado con motivo a la exposici&#xF3;n "Shirin Neshat: la &#xFA;ltima palabra", presentada en: -Museo de Arte Contempor&#xE1;neo de Castilla y Le&#xF3;n (MUSAC), de setiembre a diciembre de 2005 -Centro Atl&#xE1;ntico de Arte Moderno, de mayo a julio de 2006.</subfield>
  </datafield>
  <datafield tag="505" ind1="0" ind2=" ">
    <subfield code="t">Una exterioridad de lo interno / An exteriority of the inward</subfield>
    <subfield code="r">Octavio Zaya.</subfield>
    <subfield code="t">Traspasando las fronteras de una geograf&#xED;a imaginaria / Transcending the boundaries of an imaginative georgraphy</subfield>
    <subfield code="r">Hamid Dabashi.</subfield>
    <subfield code="t">Obras / Works.</subfield>
  </datafield>
  <datafield tag="653" ind1="1" ind2="0">
    <subfield code="a">Arte contempor&#xE1;neo</subfield>
  </datafield>
  <datafield tag="653" ind1="1" ind2="0">
    <subfield code="a">Cat&#xE1;logo de exhibici&#xF3;n</subfield>
  </datafield>
  <datafield tag="653" ind1="1" ind2="0">
    <subfield code="a">Exhibici&#xF3;n itinerante</subfield>
  </datafield>
  <datafield tag="653" ind1="1" ind2="0">
    <subfield code="a">Arte - Ir&#xE1;n</subfield>
  </datafield>
  <datafield tag="653" ind1="1" ind2="0">
    <subfield code="a">Fotograf&#xED;a </subfield>
  </datafield>
  <datafield tag="653" ind1="1" ind2="0">
    <subfield code="a">Videoarte</subfield>
  </datafield>
  <datafield tag="653" ind1="1" ind2="0">
    <subfield code="a">Producci&#xF3;n sudiovisual</subfield>
  </datafield>
  <datafield tag="710" ind1="1" ind2=" ">
    <subfield code="a">Museo de Arte Contempor&#xE1;neo de Castilla y Le&#xF3;n (MUSAC).</subfield>
    <subfield code="9">6022</subfield>
  </datafield>
  <datafield tag="999" ind1=" " ind2=" ">
    <subfield code="c">1311</subfield>
    <subfield code="d">1311</subfield>
  </datafield>
  <datafield tag="952" ind1=" " ind2=" ">
    <subfield code="0">0</subfield>
    <subfield code="1">0</subfield>
    <subfield code="2">ddc</subfield>
    <subfield code="4">0</subfield>
    <subfield code="7">0</subfield>
    <subfield code="a">LV</subfield>
    <subfield code="b">LV</subfield>
    <subfield code="c">Monograf&#xED;as</subfield>
    <subfield code="d">2017-10-07</subfield>
    <subfield code="l">0</subfield>
    <subfield code="o">770.92 N459u</subfield>
    <subfield code="p">000176</subfield>
    <subfield code="r">2017-10-07 00:00:00</subfield>
    <subfield code="w">2017-10-07</subfield>
    <subfield code="y">01</subfield>
  </datafield>
</record>
